Arrested Development Quiz Stats

 Plays Quiz Updated Nov 15, 2018

Score 0/24 Timer 06:00
3 Plays Today
Actor Character % Correct
Jason BatemanMichael Bluth
97.6%
Jeffrey TamborGeorge Oscar Bluth, Sr.
97%
Will ArnettGeorge Oscar 'GOB' Bluth, Jr.
94.5%
Michael CeraGeorge Michael Bluth
94.5%
Alia ShawkatMae 'Maeby' Funke
87.9%
David CrossTobias Funke
87.5%
Tony HaleByron 'Buster' Bluth
78.6%
Portia de RossiLindsay Bluth Funke
78.5%
Jessica WalterLucille Bluth
77.6%
Liza MinnelliLucille Austero
68.9%
Scott BaioBob Loblaw
53.2%
Mae WhitmanAnn Veal
41.9%
Actor Character % Correct
Henry WinklerBarry Zuckerkorn
40.1%
Judy GreerKitty Sanchez
38.1%
Ben StillerTony Wonder
37.9%
Amy PoehlerWife of GOB
32.3%
Charlize TheronRita Leeds
31%
Justin Grant WadeSteve Holt
29.3%
Julia Louis-DreyfusMaggie Lizer
27.1%
Ed Begley, Jr.Stan Sitwell
26.1%
Christine TaylorSally Sitwell
25.6%
Justin LeeHel-loh 'Annyong' Bluth
19.8%
Martin MullGene Parmesan
15.4%
Zach BraffPhillip Litt
7.7%

You're not logged in!

Compare scores with friends on all Sporcle quizzes.
OR
Log In

Sporcle TV

Today on Sporcle TV


Watch our educational content, quiz creation guides, and fun videos on Sporcle TV.

Show Comments

Extras

Top Quizzes Today


Score Distribution

Your Account Isn't Verified!

In order to create a playlist on Sporcle, you need to verify the email address you used during registration. Go to your Sporcle Settings to finish the process.

Report this User

Report this user for behavior that violates our Community Guidelines.

Details: